| 000 | 00844nam a2200217 a 4500 | ||
|---|---|---|---|
| 001 | 000273007 | ||
| 003 | AM-YeHGA | ||
| 005 | 20250618071811.0 | ||
| 008 | 031016s1972 ai |||||r|||||||||0|arm|d | ||
| 040 | _aAM-YeHGA | ||
| 041 | 0 | _aarm | |
| 100 | 1 |
_aՀայկազ Արամ, _qՉեքեմյան, Արամ Արսենի, _d1900-1986 |
|
| 245 | 1 | 0 |
_aՉորս տարի Քիւրտիստանի լեռներուն մէջ / _cԱրամ Հայկազ ; Խմբ.՝ Պ. Սնապեան. |
| 260 |
_aԱ. ե. : _bԳէորգ Մելիտինեցի գրական մրցանակ, _c1972. |
||
| 300 |
_a512 էջ ; _c25 սմ. |
||
| 440 | 0 |
_aԳէորգ Մելիտինեցի գրական մրցանակ _v6 |
|
| 650 | 1 | 4 | _aՊատմություն |
| 700 | 1 |
_aՍնապյան, Պողոս Մարկոսի, _d1927-2014 _eխմբ. _4edt _93742 |
|
| 942 |
_2udc _cBK |
||
| 090 | _c100428 | ||
| 999 |
_c99117 _d99117 |
||